000 00443nam a2200169 a 4500
001 0000-9137
003 ELIB.Books
008 110520 1992
035 _a(ELIB.Books)0000-9289
082 _a261.2
_bBur
100 _aBurnett, David
245 _aUnearthly Powers
260 _bNashville: A Division Of Thomas Nelson Publishers
_c1992
650 _aChristian Church
942 _2ddc
_cBK
998 _cbat
_e2011-05-20
999 _c9137
_d9137